000 00509nam a2200169Ia 4500
003 LK-CoDNM
008 010623t1979 xxu||||| |||| 00| 1 sin d
040 _aLK-CoDNM
_dLK-CoDNM
_eLK-CoDNM
041 _asin
080 _a(x)369.4-055.1 GAL
245 _aගාලු දිසා මානවක බාලදක්‍ෂ සුහද හමුව
246 _aGalu disa maanavaka baaladaksha suhada hamuva
260 _bScouting Society
_c1979
300 _b, 22 cm
650 _aScouting
942 _cBK
999 _c110963
_d110963